| 000 | 00700nam a2200217 a 4500 | ||
|---|---|---|---|
| 005 | 20240806064034.0 | ||
| 008 | 080307s2005 es r 000 0 spa d | ||
| 020 | _a8497646991 | ||
| 035 | _aUPN01000154818 | ||
| 049 | _aCG | ||
| 050 | 4 |
_aPS1408 A3 _bS4.8 |
|
| 100 | 1 |
_aCooper, James Fenimore, _b1789-1851 |
|
| 245 | 1 | 3 |
_aEl último mohicano / _cJames Fenimore Cooper ; introd. Juan Rey Segura. |
| 260 |
_aMadrid : _bEDIMAT Libros : _bNarrativa, _c[2005]. |
||
| 300 | _a387 p. | ||
| 440 | 0 |
_aClásicos de la literatura. _pNarrativa |
|
| 534 |
_pTraducción de: _tThe last of the Mohicans |
||
| 650 | 4 |
_aLiteratura estadounidense _95229 |
|
| 650 | 4 |
_aNovela estadounidense _94462 |
|
| 905 | _aLibro | ||
| 999 |
_c126934 _d126934 |
||